书目信息 |
| 题名: |
人民防空知识读本
|
|
| 作者: | 河南省人民防空办公室 编著 | |
| 分册: | ||
| 出版信息: | 郑州 河南人民出版社 2007.08 |
|
| 页数: | 138页 | |
| 开本: | 20cm | |
| 丛书名: | ||
| 单 册: | ||
| 中图分类: | E256 | |
| 科图分类: | ||
| 主题词: | 国防建设--中国 , 战备--中国 | |
| 电子资源: | ||
| ISBN: | 978-7-215-06281-8 | |
| 000 | 00707nam0 2200205 450 | |
| 001 | 1154373334 | |
| 005 | 20170614082135.04 | |
| 010 | @a978-7-215-06281-8@dCNY5.00 | |
| 100 | @a20110607d2007 km y0chiy0120 ea | |
| 101 | 0 | @achi |
| 102 | @aCN@b410000 | |
| 200 | 1 | @a人民防空知识读本@Aren min fang kong zhi shi du ben@f河南省人民防空办公室编著@Fhe nan sheng ren min fang kong ban gong shi bian zhu |
| 210 | @a郑州@c河南人民出版社@d2007.08 | |
| 215 | @a138页@d20cm | |
| 606 | 0 | @a国防建设@x中国 |
| 606 | 0 | @a战备@x中国 |
| 690 | @aE256@v4 | |
| 701 | 0 | @a河南省人民防空办公室@Ahe nan sheng ren min fang kong ban gong shi@4编著 |
| 801 | 0 | @aCN@b大连网信软件有限公司图书馆·11@c20110614 |
| 905 | @aZUCC@dE256@eH284 | |
| 人民防空知识读本/河南省人民防空办公室编著.-郑州:河南人民出版社,2007.08 |
| 138页;20cm |
| ISBN 978-7-215-06281-8:CNY5.00 |
| ● |
| 相关链接 |
|
|
|
正题名:人民防空知识读本
索取号:E256/H284
 
预约/预借
| 序号 | 登录号 | 条形码 | 馆藏地/架位号 | 状态 | 备注 |
| 1 | 1236829 | 212368294 | 社科库509/509社科库 117排2列6层/ [索取号:E256/H284] | 在馆 | |
| 2 | 465661 | 204656611 | 社科库509/509社科库 117排2列6层/ [索取号:E256/H284] | 在馆 | |
| 3 | 465662 | 204656620 | 社科库509/509社科库 117排2列6层/ [索取号:E256/H284] | 在馆 | |
| 4 | 465663 | 204656639 | 社科库509/509社科库 117排2列6层/ [索取号:E256/H284] | 在馆 | |
| 5 | 465664 | 204656648 | 社科库509/509社科库 117排2列6层/ [索取号:E256/H284] | 在馆 |